000 01464cam a2200313 4500
008 020301n2001 000 0 eng u
020 _a0922154643
035 _a(Sirsi) u116919
041 _aeng.
050 _a333.3320973
100 _aBoykin, J.
245 _aLand valuation: adjustment procedures and assignments
260 _aChicago
_bAppraisal Institute
_c2001
300 _axii,288p.
_bill.
_c26cm.
350 _a39.95
520 _aA basic guidebook designed to help appraisers successfully complete new or difficult land valuation assignments. Looks at the appraisal of sites in mature neighbourhoods, residential waterfront property, industrial and commercial land, farmland and timberland, historic and scenic land, resort lots, wetlands, and contaminated sites. A practical text it provides benchmarks for property analysis and illustrates how various land valuation assignments can be performed, using both traditional techniques and appropriate alternative methods. Also presents details of valuation-related data sources, formats, procedures, and references.
650 _aValuation
_96273
650 _aRESIDENTIAL PROPERTY
_96266
650 _aINDUSTRIAL LAND
650 _aCOMMERCIAL LAND
650 _aHISTORIC SITES
650 _aFARMLAND
650 _aTIMBERLAND
650 _aCONTAMINATED LAND
650 _aWETLANDS
650 _aUNITED STATES
690 _aPROPERTY-PROPERTY APPRAISAL AND VALUATION
942 _n0
999 _c101912
_d101912